Can you name every cornerback drafted in the NFL draft from 2011-2025? - Statistics

General Stats
  • This quiz has been taken 5 times
  • The average score is 175 of 489
Answer Stats
Year Round Pick Team College Player % Correct
2017 1 18 Tennessee Titans USC Adoree' Jackson
100%
2022 2 49 New Orleans Saints Tennessee Alontae Taylor
100%
2016 6 189 Dallas Cowboys Purdue Anthony Brown
100%
2012 5 169 Baltimore Ravens Cal Poly Asa Jackson
100%
2014 6 187 New York Giants Notre Dame Bennett Jackson
100%
2015 1 27 Dallas Cowboys UConn Byron Jones
100%
2023 2 51 Miami Dolphins South Carolina Cam Smith
100%
2020 7 243 Tennessee Titans Marshall Chris Jackson
100%
2011 5 164 Baltimore Ravens Texas Chykie Brown
100%
2011 3 95 Pittsburgh Steelers Texas Curtis Brown
100%
2016 2 60 New England Patriots Alabama Cyrus Jones
100%
2020 7 239 Buffalo Bills Pittsburgh Dane Jackson
100%
2025 3 68 Las Vegas Raiders Iowa State Darien Porter
100%
2015 3 65 Indianapolis Colts Florida Atlantic D'Joun Smith
100%
2016 6 178 Kansas City Chiefs Georgia Tech D.J. White
100%
2018 2 55 Carolina Panthers LSU Donte Jackson
100%
2024 3 90 Arizona Cardinals Boston College Elijah Jones
100%
2022 4 121 New England Patriots Arizona State Jack Jones
100%
2011 4 118 Kansas City Chiefs Colorado Jalil Brown
100%
2013 2 54 Miami Dolphins Boise State Jamar Taylor
100%
2024 3 96 Jacksonville Jaguars Florida State Jarrian Jones
100%
2022 6 214 Los Angeles Chargers Wake Forest Ja'Sir Taylor
100%
2025 3 97 Houston Texans USC Jaylin Smith
100%
2023 7 221 Indianapolis Colts Texas A&M Jaylon Jones
100%
2011 1 27 Baltimore Ravens Colorado Jimmy Smith
100%
2023 2 32 Pittsburgh Steelers Penn State Joey Porter Jr.
100%
2019 7 223 Cincinnati Bengals South Dakota State Jordan Brown
100%
2018 2 45 Green Bay Packers Iowa Josh Jackson
100%
2021 5 166 Carolina Panthers Washington Keith Taylor
100%
2024 4 108 Minnesota Vikings Oregon Khyree Jackson
100%
2022 3 85 New England Patriots Houston Marcus Jones
100%
2015 1 18 Kansas City Chiefs Washington Marcus Peters
100%
2017 6 216 Dallas Cowboys Florida State Marquez White
100%
2019 5 158 Dallas Cowboys Miami (FL) Michael Jackson
100%
2022 7 222 Jacksonville Jaguars Arkansas Montaric Brown
100%
2023 7 250 Kansas City Chiefs Ball State Nic Jones
100%
2011 1 5 Arizona Cardinals LSU Patrick Peterson
100%
2016 4 108 Tampa Bay Buccaneers North Carolina Central Ryan Smith
100%
2017 2 43 Philadelphia Eagles Washington Sidney Jones
100%
2023 5 165 Chicago Bears Minnesota Terell Smith
100%
2021 4 137 Seattle Seahawks Oklahoma Tre Brown
100%
2017 1 27 Buffalo Bills LSU Tre'Davious White
100%
2018 6 196 Kansas City Chiefs Central Arkansas Tremon Smith
100%
2015 5 170 Seattle Seahawks Towson Tye Smith
100%
2016 1 24 Cincinnati Bengals Houston William Jackson III
100%
2011 2 34 Buffalo Bills Texas Aaron WIlliams
75%
2015 7 249 Atlanta Falcons San Jose State Akeem King
75%
2021 3 102 San Francisco 49ers Michigan Ambry Thomas
75%
2021 5 183 Atlanta Falcons Boise State Avery Williams
75%
2025 3 73 New York Jets Florida State Azareye'h Thomas
75%
2025 2 53 Tampa Bay Buccaneers Notre Dame Benjamin Morrison
75%
2016 3 92 Arizona Cardinals Texas A&M Brandon Williams
75%
2019 2 33 Arizona Cardinals Washington Byron Murphy
75%
2023 5 142 Cleveland Browns Northwestern Cameron Mitchell
75%
2023 1 17 New England Patriots Oregon Christian Gonzalez
75%
2020 1 9 Jacksonville Jaguars Florida C.J. Henderson
75%
2022 4 109 Seattle Seahawks Cincinnati Coby Bryant
75%
2022 4 141 Baltimore Ravens Houston Damarion Williams
75%
2013 2 36 Detroit Lions Mississippi State Darius Slay
75%
2018 1 4 Cleveland Browns Ohio State Denzel Ward
75%
2022 1 3 Houston Texans LSU Derek Stingley Jr.
75%
2017 5 151 Los Angeles Chargers Iowa Desmond King
75%
2014 4 129 San Francisco 49ers NC State Dontae Johnson
75%
2017 1 24 Oakland Raiders Ohio State Gaeron Conley
75%
2023 3 72 Arizona Cardinals Syracuse Garrett Williams
75%
2019 2 46 Cleveland Browns LSU Greedy Williams
75%
2019 4 129 Oakland Raiders Houston Isaiah Johnson
75%
2025 1 20 Denver Broncos Texas Jahdae Barron
75%
2018 1 18 Green Bay Packers Louisville Jaire Alexander
75%
2016 1 5 Jacksonville Jaguars Florida State Jalen Ramsey
75%
2019 3 94 Tampa Bay Buccaneers Auburn Jamel Dean
75%
2019 6 181 Buffalo Bills Miami (FL) Jaquan Johnson
75%
2021 1 8 Carolina Panthers South Carolina Jaycee Horn
75%
2020 2 50 Chicago Bears Utah Jaylon Johnson
75%
2019 2 45 New England Patriots Vanderbilt Joejuan Williams
75%
2011 5 143 Dallas Cowboys Buffalo Josh Thomas
75%
2022 4 135 Kansas City Chiefs Fayetteville State Joshua Williams
75%
2014 1 8 Cleveland Browns Oklahoma State Justin Gilbert
75%
2024 7 255 Green Bay Packers Penn State Kalen King
75%
2015 1 16 Houston Texans Wake Forest Kevin Johnson
75%
2017 2 33 Green Bay Packers Washington Kevin King
75%
2025 7 246 New York Giants Oklahoma State Korie Black
75%
2019 2 54 Houston Texans Kentucky Lonnie Johnson Jr.
75%
2016 2 54 Minnesota Vikings Clemson Mackensie Alexander
75%
2011 7 219 New England Patriots TCU Malcolm Williams
75%
2017 1 16 Baltimore Ravens Alabama Marlon Humphrey
75%
2017 1 11 New Orleans Saints Ohio State Marshon Lattimore
75%
2018 1 30 Minnesota Vikings UCF Mike Hughes
75%
2024 1 30 Baltimore Ravens Clemson Nate Wiggins
75%
2025 3 85 Kansas City Chiefs California Nohl Williams
75%
2021 1 9 Denver Broncos Alabama Patrick Surtain II
75%
2015 3 78 New Orleans Saints Florida State P.J. Williams
75%
2024 1 22 Philadelphia Eagles Toledo Quinyon Mitchell
75%
2023 3 83 Denver Broncos Iowa Riley Moss
75%
2019 2 34 Indianapolis Colts Temple Rock Ya-Sin
75%
2021 6 201 New York Giants Oklahoma State Rodarius Williams
75%
2022 1 4 New York Jets Cincinnati Sauce Gardner
75%
2018 6 188 Cleveland Browns Louisiana Simeon Thomas
75%
2013 5 145 San Diego Chargers California Steve Williams
75%
2018 4 121 Buffalo Bills Weber State Taron Johnson
75%
2014 7 254 Dallas Cowboys Oregon Terrance Mitchell
75%
2015 6 182 Washington Redskins Arkansas Tevin Mitchel
75%
2022 1 21 Kansas City Chiefs Washington Trent McDuffie
75%
2012 3 65 St. Louis Rams Montana Trumaine Johnson
75%
2025 2 47 Arizona Cardinals Michigan Will Johnson
75%
2017 3 66 San Francisco 49ers Colorado Ahkello Witherspoon
50%
2020 1 16 Atlanta Falcons Clemson A.J. Terrell
50%
2012 7 224 New England Patriots Nebraska Alfonzo Dennard
50%
2022 2 42 Minnesota Vikings Clemson Andrew Booth Jr.
50%
2016 1 25 Pittsburgh Steelers Miami (FL) Artie Burns
50%
2013 3 70 Tennessee Titans Connecticut Blidi Wreh-Wilson
50%
2014 1 31 Denver Broncos Ohio State Bradley Roby
50%
2017 6 207 Cincinnati Bengals Houston Brandon Wilson
50%
2024 5 174 Dallas Cowboys Wake Forest Caelen Carson
50%
2021 1 22 Tennessee Titans Virginia Tech Caleb Farley
50%
2024 5 140 Los Angeles Chargers Notre Dame Cam Hart
50%
2022 2 60 Cincinnati Bengals Nebraska Cam Taylor-Britt
50%
2018 2 63 Tampa Bay Buccaneers Auburn Carlton Davis
50%
2024 5 157 Carolina Panthers Washington State Chau Smith-Wade
50%
2017 2 60 Dallas Cowboys Colorado Chidobe Awuzie
50%
2018 6 182 Arizona Cardinals Penn State Chris Campbell
50%
2024 2 40 Philadelphia Eagles Iowa Cooper DeJean
50%
2023 7 241 Pittsburgh Steelers Purdue Cory Trice
50%
2014 1 24 Cincinnati Bengals Michigan State Darqueze Dennard
50%
2011 4 131 Green Bay Packers New Mexico State Davon House
50%
2019 1 30 New York Giants Georgia Deandre Baker
50%
2016 6 185 Chicago Bears William & Mary DeAndre Houston-Carson
50%
2024 5 153 Jacksonville Jaguars Ole Miss Deantre Prince
50%
2024 4 112 Las Vegas Raiders Mississippi State Decamerion Richardson
50%
2013 1 8 New York Jets Alabama Dee Milliner
50%
2023 1 24 New York Giants Maryland Deonte Banks
50%
2013 1 22 Atlanta Falcons Washington Desmond Trufant
50%
2023 1 5 Seattle Seahawks Illinois Devon Witherspoon
50%
2013 1 12 Oakland Raiders Houston D.J. Hayden
50%
2024 6 192 Seattle Seahawks Auburn D.J. James
50%
2023 2 60 Cincinnati Bengals Michigan D.J. Turner
50%
2019 7 221 Cleveland Browns Tulane Donnie Lewis
50%
2015 4 121 Pittsburgh Steelers Ohio State Doran Grant
50%
2025 6 177 Buffalo Bills Virginia Tech Dorian Strong
50%
2012 1 17 Cincinnati Bengals Alabama Dre Kirkpatrick
50%
2018 2 56 New England Patriots Florida Duke Dawson
50%
2016 1 10 New York Giants Ohio State Eli Apple
50%
2023 1 16 Washington Commanders Mississippi State Emmanuel Forbes
50%
2024 2 61 Detroit Lions Missouri Ennis Rakestraw Jr.
50%
2023 6 178 Dallas Cowboys Southern Miss Eric Scott Jr.
50%
2021 1 29 Green Bay Packers Georgia Eric Stokes
50%
2021 1 26 Cleveland Browns Northwestern Greg Newsome II
50%
2017 4 126 Cleveland Browns Houston Howard Wilson
50%
2020 6 211 Indianapolis Colts UMass Isaiah Rodgers
50%
2025 3 84 Tampa Bay Buccaneers Kansas State Jacob Parrish
50%
2024 7 226 Arizona Cardinals Miami (FL) Jaden Davis
50%
2023 4 104 Las Vegas Raiders Maryland Jakorian Bennett
50%
2015 2 42 Atlanta Falcons LSU Jalen Collins
50%
2022 4 119 Baltimore Ravens Alabama Jalyn Armour-Davis
50%
2014 1 25 San Diego Chargers TCU Jason Verrett
50%
2020 1 31 Minnesota Vikings TCU Jeff Gladney
50%
2020 1 3 Detroit Lions Ohio State Jeff Okudah
50%
2011 7 235 Miami Dolphins Montana Jimmy Wilson
50%
2020 4 141 Houston Texans Penn State John Reid
50%
2013 2 43 Tampa Bay Buccaneers Mississippi State Jonathan Banks
50%
2011 7 229 St. Louis Rams Oklahoma Jonathan Nelson
50%
2012 3 66 Minnesota Vikings UCF Josh Robinson
50%
2020 4 137 Jacksonville Jaguars Michigan State Josiah Scott
50%
2017 3 92 Dallas Cowboys Michigan Jourdan Lewis
50%
2022 1 23 Buffalo Bills Florida Kaiir Elam
50%
2024 6 211 Kansas City Chiefs Tennessee Kamal Hadden
50%
2024 2 42 Houston Texans Georgia Kamari Lassiter
50%
2023 4 105 Philadelphia Eagles Georgia Kelee Ringo
50%
2021 2 44 Dallas Cowboys Kentucky Kelvin Joseph
50%
2016 3 84 Washington Redskins Virginia Tech Kendall Fuller
50%
2014 6 184 Minnesota Vikings Maine Kendall James
50%
2024 2 41 New Orleans Saints Alabama Kool-Aid McKinstry
50%
2014 1 14 Chicago Bears Virginia Tech Kyle Fuller
50%
2022 2 39 Chicago Bears Washington Kyler Gordon
50%
2021 4 136 Arizona Cardinals Florida Marco Wilson
50%
2022 3 68 Cleveland Browns Mississippi State Martin Emerson
50%
2024 2 43 Arizona Cardinals Rutgers Max Melton
50%
2025 1 30 Buffalo Bills Kentucky Maxwell Hairston
50%
2023 3 102 Minnesota Vikings USC Mekhi Blackmon
50%
2025 7 237 Green Bay Packers Tulane Micah Robinson
50%
2011 7 216 St. Louis Rams Baylor Mikail Baker
50%
2024 2 50 Washington Commanders Michigan Mike Sainristil
50%
2018 2 53 Tampa Bay Buccaneers North Carolina M.J. Stewart
50%
2017 5 158 Indianapolis Colts Temple Nate Hairston
50%
2018 4 110 Oakland Raiders Wisconsin Nick Nelson
50%
2020 1 30 Miami Dolphins Auburn Noah Igbinoghene
50%
2011 1 19 New York Giants Nebraska Prince Amukamara
50%
2025 4 131 New Orleans Saints Louisville Quincy Riley
50%
2017 2 46 Indianapolis Colts Florida Quincy Wilson
50%
2016 4 133 San Francisco 49ers LSU Rashard Robinson
50%
2020 4 123 Dallas Cowboys Tulsa Reggie Robinson
50%
2022 2 35 Tennessee Titans Auburn Roger McCreary
50%
2024 6 195 Pittsburgh Steelers Texas Ryan Watts
50%
2014 5 157 Pittsburgh Steelers Arizona Shaquille Richardson
50%
2021 5 160 Baltimore Ravens Ohio State Shaun Wade
50%
2025 3 76 Dallas Cowboys East Carolina Shavon Revel
50%
2018 5 154 Buffalo Bills Jacksonville State Siran Neal
50%
2012 1 10 Buffalo Bills South Carolina Stephon Gilmore
50%
2015 3 98 Kansas City Chiefs Oregon State Steven Nelson
50%
2024 1 24 Detroit Lions Alabama Terrion Arnold
50%
2024 4 130 Baltimore Ravens Iowa State T.J. Tampa
50%
2011 7 251 Tennessee Titans California (PA) Tommie Campbell
50%
2012 7 245 Cleveland Browns Arizona Trevin Wade
50%
2020 2 51 Dallas Cowboys Alabama Trevon Diggs
50%
2025 2 61 Washington Commanders Ole Miss Trey Amos
50%
2013 3 69 Arizona Cardinals LSU Tyrann Mathieu
50%
2023 2 56 Chicago Bears Miami (FL) Tyrique Stevenson
50%
2021 2 33 Jacksonville Jaguars Georgia Tyson Campbell
50%
2016 1 11 Tampa Bay Buccaneers Florida Vernon Hargreaves
50%
2013 3 93 Miami Dolphins Utah State Will Davis
50%
2016 2 38 Miami Dolphins Baylor Xavien Howard
50%
2013 1 25 Minnesota Vikings Florida State Xavier Rhodes
50%
2022 4 118 Minnesota Vikings Missouri Akayleb Evans
25%
2023 7 252 Buffalo Bills Oregon State Alex Austin
25%
2015 3 80 Detroit Lions Stanford Alex Carter
25%
2020 4 139 Las Vegas Raiders Louisiana Tech Amik Robertson
25%
2014 7 216 Houston Texans Vanderbilt Andre Hal
25%
2024 3 70 New York Giants Kentucky Andru Phillips
25%
2019 6 196 New York Jets Rutgers Blessuan Austin
25%
2011 2 60 Houston Texans Miami (FL) Brandon Harris
25%
2011 4 98 Carolina Panthers West Virginia Brandon Hogan
25%
2021 3 104 Baltimore Ravens SMU Brandon Stephens
25%
2011 7 213 Washington Redskins Boise State Brandyn Thompson
25%
2017 5 173 Pittsburgh Steelers Utah Brian Allen
25%
2020 5 158 New York Jets Virginia Bryce Hall
25%
2013 4 114 Dallas Cowboys William & Mary B.W. Webb
25%
2011 6 173 Seattle Seahawks Clemson Byron Maxwell
25%
2020 3 89 Minnesota Vikings Mississippi State Cameron Dantzler
25%
2017 3 94 Pittsburgh Steelers Tennessee Cameron Sutton
25%
2012 2 62 Green Bay Packers Vanderbilt Casey Hayward
25%
2022 7 240 Washington Commanders Oklahoma State Chistian Holmes
25%
2011 3 80 San Francisco 49ers South Carolina Chris Culliver
25%
2022 6 185 Buffalo Bills Villenova Christian Benford
25%
2022 7 244 Arizona Cardinals Valdosta State Christian Matthew
25%
2020 7 247 New York Giants Minnesota Chris Williamson
25%
2023 4 113 Atlanta Falcons Utah Clark Phillips III
25%
2022 4 142 Los Angeles Rams South Carolina State Cobie Durant
25%
2022 3 81 New York Giants LSU Cor'Dale Flott
25%
2017 3 97 Miami Dolphins Clemson Cordrea Tankersley
25%
2018 6 209 Miami Dolphins Southern Miss Cornell Armstrong
25%
2011 4 128 Pittsburgh Steelers The Citadel Cortez Allen
25%
2011 3 90 Philadelphia Eagles Utah State Curtis Marsh
25%
2020 1 19 Las Vegas Raiders Ohio State Damon Arnette
25%
2018 5 170 Cincinnati Bengals Western Michigan Darius Phillips
25%
2023 5 138 Indianapolis Colts South Carolina Darius Rush
25%
2020 4 110 New York Giants UCLA Darnay Holmes
25%
2021 4 108 Atlanta Falcons San Diego State Darren Hall
25%
2015 7 247 New England Patriots Marshall Darryl Roberts
25%
2019 3 79 Los Angeles Rams Michigan David Long
25%
2018 5 151 Cincinnati Bengals Illinois Davontae Harris
25%
2022 7 236 Los Angeles Chargers Ole Miss Deane Leonard
25%
2014 6 197 Green Bay Packers Baylor Demetri Goodson
25%
2025 5 174 Arizona Cardinals Ohio State Denzel Burke
25%
2015 7 242 Oakland Raiders Kansas Dexter McDonald
25%
2018 5 142 San Francisco 49ers Kansas State D.J. Reed
25%
2025 7 229 Pittsburgh Steelers Central Michigan Donte Kent
25%
2016 4 106 Kansas City Chiefs Minnesota Eric Murray
25%
2017 3 81 Washington Redskins UCLA Fabian Moreau
25%
2012 7 220 Chicago Bears TCU Greg McCoy
25%
2022 6 197 Jacksonville Jaguars Ouachita Baptist Gregory Junior
25%
2016 6 205 Arizona Cardinals Southeastern Louisiana Harlan Miller
25%
2019 4 127 Baltimore Ravens USC Iman Marshall
25%
2018 2 58 Atlanta Falcons Colorado Isaiah Oliver
25%
2017 7 222 Jacksonville Jaguars Minnesota Jalen Myrick
25%
2016 2 62 Carolina Panthers Samford James Bradberry
25%
2024 5 146 Tennessee Titans Louisville Jarvis Brownlee Jr.
25%
2025 5 150 Miami Dolphins Florida Jason Marshall Jr.
25%
2022 7 243 Kansas City Chiefs Washington State Jaylen Watson
25%
2017 6 197 New York Jets Michigan Jeremy Clark
25%
2013 7 208 Jacksonville Jaguars New Mexico State Jeremy Harris
25%
2012 6 172 Seattle Seahawks Northwestern State Jeremy Lane
25%
2018 7 222 Houston Texans San Jose State Jermaine Kelly
25%
2011 3 88 New Orleans Saints Louisville Johnny Patrick
25%
2012 6 196 Detroit Lions New Mexico State Jonte Green
25%
2019 5 172 Atlanta Falcons Washington Jordan Miller
25%
2023 6 181 Tampa Bay Buccaneers Kansas State Josh Hayes
25%
2024 5 149 Cincinnati Bengals TCU Josh Newton
25%
2015 4 120 Cincinnati Bengals USC Josh Shaw
25%
2023 2 44 Indianapolis Colts Kansas State JuJu Brents
25%
2019 4 108 New York Giants Notre Dame Julian Love
25%
2019 3 83 Pittsburgh Steelers Michigan State Justin Layne
25%
2011 7 206 Buffalo Bills Richmond Justin Rogers
25%
2016 7 253 Tennessee Titans Southern Miss Kalan Reed
25%
2022 7 242 Carolina Panthers Baylor Kalon Barnes
25%
2018 6 189 New Orleans Saints Boston College Kamrin Moore
25%
2021 7 237 Denver Broncos LSU Kary Vincent Jr.
25%
2023 6 180 Arizona Cardinals Louisville Kei'Trel Clark
25%
2016 3 74 Kansas City Chiefs Notre Dame KeiVarae Russell
25%
2023 7 258 Chicago Bears Stanford Kendall Williamson
25%
2025 7 257 New England Patriots Memphis Kobee Minor
25%
2024 5 145 Denver Broncos Missouri Kris Abrams-Draine
25%
2019 7 217 Minnesota Vikings Texas Kris Boyd
25%
2020 2 61 Tennessee Titans LSU Kristian Fulton
25%
2023 5 157 Baltimore Ravens Stanford Kyu Blu Kelly
25%
2013 3 83 New England Patriots Rutgers Logan Ryan
25%
2013 7 252 San Francisco 49ers Rutgers Marcus Cooper
25%
2025 6 183 Tennessee Titans California Marcus Harris
25%
2024 6 201 Indianapolis Colts Marshall Micah Abraham
25%
2013 5 159 Green Bay Packers Iowa Micah Hyde
25%
2012 6 176 Jacksonville Jaguars Florida State Mike Harris
25%
2012 1 6 Dallas Cowboys LSU Morris Claiborne
25%
2024 7 227 Cleveland Browns South Dakota Myles Harden
25%
2021 3 99 Dallas Cowboys Oregon State Nahshon Wright
25%
2024 5 136 Seattle Seahawks Auburn Nehemiah Pritchett
25%
2014 4 133 Detroit Lions Utah State Nevin Lawson
25%
2015 2 62 Green Bay Packers Miami (OH) Quentin Rollins
25%
2015 6 196 Philadelphia Eagles Kansas State Randall Evans
25%
2024 2 64 San Francisco 49ers Florida State Renardo Green
25%
2014 5 147 Atlanta Falcons Purdue Ricardo Allen
25%
2012 7 213 Washington Redskins SMU Richard Crawford
25%
2012 4 124 Buffalo Bills LSU Ron Brooks
25%
2019 2 39 Tampa Bay Buccaneers Central Michigan Sean Murphy-Bunting
25%
2015 2 56 Pittsburgh Steelers Ole Miss Senquez Golson
25%
2011 3 89 San Diego Chargers USC Shareece Wright
25%
2021 5 178 Green Bay Packers Appalachian State Shemar Jean-Charles
25%
2014 2 58 New Orleans Saints Nebraska Stanley Jean-Baptiste
25%
2020 7 221 Carolina Panthers FIU Stantley Thomas-Oliver
25%
2024 5 137 Los Angeles Chargers Maryland Tarheeb Still
25%
2022 6 221 San Francisco 49ers Penn State Tariq Castro-Fields
25%
2022 5 153 Seattle Seahawks UTSA Tariq Woolen
25%
2017 2 53 Detroit Lions Florida Teez Tabor
25%
2012 7 246 Pittsburgh Steelers Texas A&M Terrance Frederick
25%
2013 5 138 Seattle Seahawks LSU Tharold Simon
25%
2019 6 198 San Francisco 49ers Virginia Tim Harris
25%
2016 2 57 Indianapolis Colts Clemson T.J. Green
25%
2015 1 11 Minnesota Vikings Michigan State Trae Waynes
25%
2014 7 219 Oakland Raiders Ohio Travis Carrie
25%
2019 2 40 Oakland Raiders Clemson Trayvon Mullen
25%
2015 4 136 Baltimore Ravens Texas Southern Tray Walker
25%
2021 7 245 Pittsburgh Steelers Oklahoma Tre Norwood
25%
2025 7 256 Los Angeles Chargers Florida Trikweze Bridges
25%
2025 3 100 San Francisco 49ers Western Kentucky Upton Stout
25%
2016 3 68 San Francisco 49ers Mississippi State Will Redmond
25%
2019 6 195 Houston Texans Central Michigan Xavier Crawford
25%
2016 5 141 Carolina Panthers Oklahoma Zack Sanchez
25%
2025 5 169 Chicago Bears UTSA Zah Frazier
25%
2014 4 114 Jacksonville Jaguars Oklahoma Aaron Colvin
0%
2021 3 71 New York Giants UCF Aaron Robinson
0%
2017 7 229 San Francisco 49ers Miami (FL) Adrian Colbert
0%
2019 5 146 Detroit Lions Iowa Amani Oruwariye
0%
2023 6 214 New England Patriots Michigan State Ameer Speed
0%
2018 4 118 Baltimore Ravens Alabama Anthony Averett
0%
2011 7 222 Tampa Bay Buccaneers FIU Anthony Gaitor
0%
2014 6 182 Minnesota Vikings Virginia Tech Antone Exum
0%
2021 2 47 Los Angeles Chargers Florida State Asante Samuel Jr.
0%
2018 4 125 Philadelphia Eagles Pittsburgh Avontae Maddox
0%
2014 4 102 Washington Redskins Clemson Bashaud Breeland
0%
2014 5 148 Carolina Panthers San Jose State Bene Benwikere
0%
2021 3 74 Washington Commanders Minnesota Benjamin St. Juste
0%
2025 6 178 Baltimore Ravens Western Michigan Bilhal Kone
0%
2016 6 196 Philadelphia Eagles Auburn Blake Countess
0%
2015 5 145 Miami Dolphins Memphis Bobby McCain
0%
2020 7 237 Kansas City Chiefs Tulane BoPete Keyes
0%
2021 6 200 New York Jets Kentucky Brandin Echols
0%
2012 4 123 Philadelphia Eagles Georgia Brandon Boykin
0%
2011 5 139 Minnesota Vikings Utah Brandon Burton
0%
2014 6 195 New York Jets Northwest Missouri State Brandon Dixon
0%
2013 5 149 St. Louis Rams Miami (FL) Brandon McGee
0%
2017 3 101 Denver Broncosq Lamar Brendan Langley
0%
2011 5 137 Cleveland Browns Chattanooga Buster Skrine
0%
2025 3 88 Jacksonville Jaguars Tulane Caleb Ransaw
0%
2023 7 232 Green Bay Packers Kentucky Carrington Valentine
0%
2015 6 189 Cleveland Browns Louisville Charles Gaines
0%
2022 7 237 Detroit Lions Arizona State Chase Lucas
0%
2011 4 113 Oakland Raiders Ohio State Chimdi Chekwa
0%
2020 7 223 Jacksonville Jaguars Memphis Chris Claybrooks
0%
2012 5 148 Detroit Lions Albion Chris Greenwood
0%
2011 6 188 Indianapolis Colts Michigan State Chris L. Rucker
0%
2023 6 202 Jacksonville Jaguars Rutgers Christian Braswell
0%
2021 7 251 Tampa Bay Buccaneers BYU Chris Wilcox
0%
2019 6 180 New York Giants Washburn Corey Ballentine
0%
2017 5 152 Carolina Panthers Miami (FL) Corn Elder
0%
2012 4 115 Tennessee Titans Clemson Coty Sensabaugh
0%
2015 3 83 San Diego Chargers Texas State Craig Mager
0%
2011 7 250 San Francisco 49ers Florida A&M Curtis Holcomb
0%
2024 6 219 Buffalo Bills Penn State Daequan Hardy
0%
2022 4 115 Denver Broncos Pittsburgh Damarri Mathis
0%
2015 5 167 New Orleans Saints Georgia Damian Swann
0%
2017 5 149 Atlanta Falcons San Diego State Damontae Kazee
0%
2018 5 152 Tennessee Titans Arizona Dane Cruikshank
0%
2022 5 167 Dallas Cowboys Fresno State DaRon Bland
0%
2023 5 155 San Francisco 49ers South Alabama Darrell Luter Jr.
0%
2016 3 77 Carolina Panthers West Virginia Daryl Worley
0%
2013 2 51 Washington Redskins NC State David Amerson
0%
2011 3 81 Oakland Raiders Miami (FL) DeMarcus Van Dyke
0%
2013 7 201 Jacksonville Jaguars Appalachian State Demetrius McCray
0%
2021 5 172 San Francisco 49ers Oregon Deommodore Lenoir
0%
2012 5 146 Kansas City Chiefs Alabama DeQuan Menzie
0%
2022 6 212 Los Angeles Rams Georgia Derion Kendrick
0%
2017 6 204 New York Jets Ole Miss Derrick Jones
0%
2014 3 80 New York Jets Maryland Dexter McDougle
0%
2023 7 246 Cincinnati Bengals Miami (FL) D.J. Ivey
0%
2019 6 205 Chicago Bears Kansas State Duke Shelley
0%
2013 3 64 Jacksonville Jaguars Connecticut Dwayne Gratz
0%
2012 3 85 Detroit Lions Louisiana-Lafeytte Dwight Bentley
0%
2014 6 188 St. Louis Rams Missouri E.J. Gaines
0%
2021 3 100 Tennessee Titans Washington Elijah Molden
0%
2011 7 248 Cleveland Browns Nebraska Eric Hagg
0%
2015 2 47 Philadelphia Eagles Utah Eric Rowe
0%
2022 7 232 Denver Broncos Wisconsin Faion Hicks
0%
2018 7 241 Washington Redskins Virginia Tech Greg Stroman
0%
2020 5 169 Minnesota Vikings Temple Harrison Hand
0%
2021 3 101 Detroit Lions Syracuse Ifeatu Melifonwu
0%
2015 7 241 Cleveland Browns Oregon Ifo Ekpre-Olumo
0%
2018 3 99 Denver Broncos Boston College Isaac Yiadom
0%
2023 7 245 New England Patriots Jackson State Isaiah Bolden
0%
2012 6 184 Chicago Bears Nevada Isaiah Frey
0%
2021 6 227 Dallas Cowboys South Carolina Israel Mukuamu
0%
2014 7 225 Minnesota Vikings North Carolina Jabari Price
0%
2017 7 245 Minnesota Vikings NC State Jack Tocho
0%
2015 6 191 Philadelphia Eagles Kansas JaCorey Shepherd
0%
2017 5 165 Detroit Lions San Diego State Jamal Agnew
0%
2012 3 80 Arizona Cardinals Oklahoma Jamell Fleming
0%
2012 2 39 St. Louis Rams North Alabama Janoris Jenkins
0%
2023 6 204 New York Jets LSU Jarrick Bernard-Converse
0%
2021 5 175 New York Jets Pittsburgh Jason Pinnock
0%
2014 4 101 Philadelphia Eagles Florida Jaylen Watkins
0%
2012 3 94 New York Giants Virginia Tech Jayron Hosley
0%
2019 7 227 Washington Redskins James Madison Jimmy Moreland
0%
2012 7 217 Washington Redskins Iowa Jordan Bernstine
0%
2025 5 170 Buffalo Bills Ohio State Jordan Hancock
0%
2013 7 218 Philadelphia Eagles Oregon State Jordan Poyer
0%
2012 5 143 Carolina Panthers Coastal Carolina Josh Norman
0%
2017 7 235 Washington Redskins Auburn Joshua Hosley
0%
2025 3 80 Indianapolis Colts Minnesota Justin Walley
0%
2016 4 118 New York Jets NC State Juston Burris
0%
2019 6 185 Green Bay Packers Toledo Ka'dar Hollman
0%
2013 3 90 Denver Broncos Florida State Kayvon Webster
0%
2018 7 243 New England Patriots Western Carolina Keion Crossen
0%
2014 4 116 Oakland Raiders Utah Keith McGill
0%
2014 5 170 San Francisco 49ers Florida Atlantic Keith Reaser
0%
2012 6 174 Tampa Bay Buccaneers West Virginia Keith Tandy
0%
2019 4 111 Atlanta Falcons Ohio State Kendall Sheffield
0%
2014 6 180 San Francisco 49ers SMU Kenneth Acker
0%
2019 7 252 New England Patriots Ole Miss Ken Webster
0%
2016 6 218 Buffalo Bills USC Kevon Seymour
0%
2013 6 202 Tennessee Titans Nevada Khalid Wooten
0%
2020 5 163 Chicago Bears Georgia Southern Kindle Vildor
0%
2011 7 207 Cincinnati Bengals Southern Illinois Korey Lindsey
0%
2014 7 252 Cincinnati Bengals Georgia Southern Lavelle Westbrooks
0%
2013 3 68 Cleveland Browns San Diego State Leon McFadden
0%
2016 5 157 Tennessee Titans Southern Utah LeShaun Sims
0%
2015 5 164 Denver Broncos Tulane Lorenzo Doss
0%
2025 5 145 Philadelphia Eagles UCF Mac McWilliams
0%
2013 7 247 Baltimore Ravens California Marc Anthony
0%
2024 6 180 New England Patriots South Carolina Marcellas Dial
0%
2011 2 50 San Diego Chargers Clemson Marcus Gilchrist
0%
2016 6 209 Baltimore Ravens Virginia Maurice Canady
0%
2020 3 77 Denver Broncos Iowa Michael Ojemudia
0%
2024 7 229 Las Vegas Raiders Pittsburgh M.J. Devonshire
0%
2021 5 167 Las Vegas Raiders Illinois Nate Hobbs
0%
2012 4 101 Denver Broncos Arizona State Omar Bolden
0%
2018 6 179 New York Jets Tulane Parry Nickerson
0%
2021 3 76 New Orleans Saints Stanford Paulson Adebo
0%
2014 3 87 Kansas City Chiefs Rice Philip Gaines
0%
2014 4 127 Cleveland Browns Lindenwood Pierre Desir
0%
2016 7 249 San Francisco 49ers Western Kentucky Prince Charles Iworah
0%
2024 5 176 New York Jets Toronto Argonauts Quan'tez Stiggers
0%
2021 6 213 Buffalo Bills Wisconsin Rachad Wildhgoose
0%
2018 3 85 Carolina Panthers Tennessee Rashaan Gaulden
0%
2011 4 127 Houston Texans Virginia Tech Rashad Carmichael
0%
2019 6 201 Kansas City Chiefs South Carolina Rashad Fenton
0%
2011 2 33 New England Patriots Virginia Ras-I Dowling
0%
2017 3 99 Philadelphia Eagles West Virginia Rasul Douglas
0%
2011 5 154 Seattle Seahawks Stanford Richard Sherman
0%
2013 2 60 Atlanta Falcons Southeastern Louisiana Robert Alford
0%
2025 6 212 Baltimore Ravens Rutgers Robert Longerbeam
0%
2021 4 130 Los Angeles Rams Central Arkansas Robert Rochell
0%
2011 5 147 Jacksonville Jaguars Middle Tennessee Rod Isaac
0%
2015 2 50 Buffalo Bills Florida State Ronald Darby
0%
2014 4 109 Buffalo Bills Duke Ross Cockrell
0%
2022 5 172 San Francisco 49ers Toledo Samuel Womack
0%
2013 5 134 Kansas City Chiefs Georgia Sanders Commings
0%
2017 3 90 Seattle Seahawks UCF Shaquill Grifin
0%
2012 5 156 Cincinnati Bengals Iowa Shaun Prater
0%
2019 7 238 Chicago Bears Valdosta State Stephen Denmark
0%
2015 7 251 Denver Broncos Tulane Taurean Nixon
0%
2016 4 104 Baltimore Ravens Temple Tavon Young
0%
2021 6 223 Arizona Cardinals UCF Tay Gowan
0%
2013 5 150 Pittsburgh Steelers Illinois Terry Hawthorne
0%
2021 6 228 Chicago Bears Oregon Thomas Graham Jr.
0%
2023 6 209 New York Giants Old Dominion Tre Hawkins III
0%
2017 5 169 Houston Texans Oregon State Trestan Decoud
0%
2023 6 182 Los Angeles Rams TCU Tre Tomlinson
0%
2016 5 173 Cleveland Browns Louisiana-Monroe Trey Caldwell
0%
2020 4 113 Carolina Panthers Notre Dame Troy Pride
0%
2014 4 125 Miami Dolphins Liberty Walt Aikens
0%
2021 4 123 Philadelphia Eagles Texas Tech Zech McPhearson
0%
2022 5 157 Tampa Bay Buccaneers Sam Houston State Zyon McCollum
0%
No matching quizzes found
Score Distribution
Percent of People with Each Score
Percentile by Number Answered
Your Score History
You have not taken this quiz